But is it art? decision making and discursive resources in the field of cultural production (Record no. 45745)

000 -LEADER
fixed length control field 00899pab a2200157 454500
008 - FIXED-LENGTH DATA ELEMENTS--GENERAL INFORMATION
fixed length control field 180718b2000 xxu||||| |||| 00| 0 eng d
100 ## - MAIN ENTRY--PERSONAL NAME
Personal name Mauws, Michael K.
245 ## - TITLE STATEMENT
Title But is it art? decision making and discursive resources in the field of cultural production
260 ## - PUBLICATION, DISTRIBUTION, ETC.
Date of publication, distribution, etc. 2000
300 ## - PHYSICAL DESCRIPTION
Extent p.229-44
362 ## - DATES OF PUBLICATION AND/OR SEQUENTIAL DESIGNATION
Dates of publication and/or sequential designation Jun
520 ## - SUMMARY, ETC.
Summary, etc. This article illustrates the potential contribution of discourse analysis to the field of judgement and decision making through an empirical investigation of the adjudication of musical submissions made to a government program aimed at funding musical development. The results indicate that the process of decision making is a fundamentally social activity and that its outcomes depend on the broader discursive formation in which it takes place. - Reproduced
650 ## - SUBJECT ADDED ENTRY--TOPICAL TERM
Topical term or geographic name entry element Decision making
773 ## - HOST ITEM ENTRY
Main entry heading Journal of Applied Behavioral Science
909 ## -
-- 45745
Holdings
Withdrawn status Lost status Damaged status Not for loan Permanent Location Current Location Date acquired Serial Enumeration / chronology Barcode Date last seen Price effective from Koha item type
        Indian Institute of Public Administration Indian Institute of Public Administration 2018-07-19 Volume no: 36, Issue no: 2 AR46169 2018-07-19 2018-07-19 Articles

Powered by Koha